[Event "IV Weekend A"]
[Site "Lesa ITA"]
[Date "2015.09.20"]
[Round "5"]
[White "Schmid, Christoph"]
[Black "Stefanetti, Marco"]
[WhiteElo "1990"]
[BlackElo "2113"]
[Result "0-1"]
[PlyCount "134"]
[EventDate "2015.09.18"]

1. d4 Nf6 2. c4 e6 3. Nc3 Bb4 4. e3 O-O 5. Nge2 d5 6. a3 Bd6 7. cxd5 exd5 8.
Ng3 Re8 9. Bd3 Nbd7 10. Qc2 c6 11. Bd2 Nf8 12. O-O Ng4 13. Bf5 Qh4 14. Bxg4
Qxg4 15. h3 Qg5 16. Nce2 h5 17. f4 Qh4 18. Nf5 Bxf5 19. Qxf5 g6 20. Qd3 f5 21.
b4 a6 22. a4 Nd7 23. b5 Nb6 24. bxc6 bxc6 25. Rfb1 Nc4 26. Rb7 Reb8 27. Be1 Qd8
28. Rab1 Rxb7 29. Rxb7 Qc8 30. Rb3 Rb8 31. Kf2 Rxb3 32. Qxb3 Qb8 33. Nc1 Bxf4
34. exf4 Qxf4+ 35. Ke2 Qxc1 36. Qb8+ Kh7 37. Qc7+ Kh6 38. Qe7 Qc2+ 39. Kf1 Qd3+
40. Kg1 Qe3+ 41. Qxe3+ Nxe3 42. Bd2 f4 43. Kf2 Nd1+ 44. Kf3 Nb2 45. a5 Nc4 46.
Bxf4+ g5 47. Bc7 Kg6 48. g4 Nd2+ 49. Ke3 Ne4 50. gxh5+ Kxh5 51. Kf3 Kh4 52. Kg2
Kh5 53. Kf3 Kg6 54. Kg4 Nf6+ 55. Kf3 Kf5 56. Be5 Ne4 57. Bc7 c5 58. dxc5 Nxc5
59. Ke3 d4+ 60. Kf3 Nd7 61. Bb6 Ne5+ 62. Ke2 Ke4 63. Bd8 d3+ 64. Kf2 Nf7 65.
Bf6 Kd5 66. Ke3 Kc4 67. Ke4 d2 0-1

[Event "I Festival Master"]
[Site "Lignano Sabbiadoro ITA"]
[Date "2015.08.01"]
[Round "1"]
[White "Ballista, Massimiliano"]
[Black "Lodici, Lorenzo"]
[WhiteElo "2002"]
[BlackElo "2348"]
[Result "0-1"]
[PlyCount "64"]
[EventDate "2015.08.01"]

1. e4 c5 2. Nf3 Nc6 3. d4 cxd4 4. Nxd4 e5 5. Nb5 d6 6. N1c3 a6 7. Na3 b5 8. Nd5
Nge7 9. c4 Nd4 10. Nc2 Nxd5 11. cxd5 Bg4 12. Qd2 Nxc2+ 13. Qxc2 Be7 14. Be2 Bd7
15. O-O O-O 16. f4 Qb6+ 17. Kh1 Rac8 18. Qd3 exf4 19. Bxf4 Bf6 20. Rab1 Rfe8
21. Qg3 Be5 22. Qf3 f6 23. b3 Rc3 24. Qh5 Bxf4 25. Rxf4 Qe3 26. Rbf1 Rxe4 27.
Rxe4 Qxe4 28. Bf3 Qe3 29. h3 Rc1 30. Rxc1 Qxc1+ 31. Kh2 Qf4+ 32. Kh1 g6 0-1

[Event "I Festival Master"]
[Site "Lignano Sabbiadoro ITA"]
[Date "2015.08.01"]
[Round "1"]
[White "Belli, Giorgio"]
[Black "Drasko, Milan"]
[WhiteElo "2027"]
[BlackElo "2439"]
[Result "0-1"]
[PlyCount "88"]
[EventDate "2015.08.01"]

1. e4 e6 2. d4 d5 3. Nc3 Bb4 4. Nge2 dxe4 5. a3 Bxc3+ 6. Nxc3 Nc6 7. d5 exd5 8.
Qxd5 Be6 9. Qxd8+ Rxd8 10. Bg5 Nge7 11. Nxe4 Bf5 12. Bd3 Ne5 13. O-O-O Nxd3+
14. Rxd3 Bxe4 15. Bxe7 Kxe7 16. Re1 f5 17. f3 Rxd3 18. cxd3 Re8 19. fxe4 Kd6
20. Kd2 fxe4 21. dxe4 Re5 22. Ke3 Rh5 23. h3 Rb5 24. Rd1+ Ke6 25. Rd2 a5 26.
Kd4 a4 27. Rc2 c6 28. g4 Kd6 29. Rf2 c5+ 30. Kc3 Rb3+ 31. Kc2 Rxh3 32. Rf7 g5
33. Rxb7 Ke5 34. Rb5 Kf4 35. Rxc5 Kxg4 36. Rc4 Rh2+ 37. Kc3 Kf3 38. Rxa4 g4 39.
Rd4 g3 40. Rd3+ Kf4 41. Rd8 g2 42. Rf8+ Kxe4 43. Rg8 Rh3+ 44. Kd2 Kf3 0-1

[Event "I Festival Master"]
[Site "Lignano Sabbiadoro ITA"]
[Date "2015.08.01"]
[Round "1"]
[White "Cardarelli, Angelo"]
[Black "Muller, Etienne"]
[WhiteElo "1977"]
[BlackElo "2167"]
[Result "0-1"]
[PlyCount "82"]
[EventDate "2015.08.01"]

1. d4 Nf6 2. c4 g6 3. Nc3 d6 4. e4 Bg7 5. f3 O-O 6. Be3 c6 7. Bd3 a6 8. Nge2 b5
9. O-O Nbd7 10. Qd2 bxc4 11. Bxc4 Nb6 12. Bb3 a5 13. Na4 Nfd7 14. Rac1 Qc7 15.
Rfd1 Ba6 16. Nf4 Qb7 17. a3 Bb5 18. Nxb6 Nxb6 19. Ba2 Rfc8 20. h4 Qa6 21. Qc2
a4 22. h5 d5 23. hxg6 hxg6 24. Nd3 Nc4 25. Bxc4 Bxc4 26. Nb4 Qa7 27. Qf2 Qb8
28. e5 c5 29. dxc5 Qxe5 30. Bd4 Qf5 31. Bxg7 Kxg7 32. Nxd5 Bxd5 33. Qd4+ e5 34.
Qxd5 Rab8 35. Rd2 Qg5 36. Rdc2 Qe3+ 37. Kh2 Rh8+ 38. Kg3 Rh5 39. Rc4 Rg5+ 40.
Rg4 Rxg4+ 41. Kxg4 Qf4+ 0-1

[Event "I Festival Master"]
[Site "Lignano Sabbiadoro ITA"]
[Date "2015.08.01"]
[Round "1"]
[White "Lazic, Miroljub"]
[Black "Bergamasco, Tommaso"]
[WhiteElo "2466"]
[BlackElo "2042"]
[Result "1-0"]
[PlyCount "63"]
[EventDate "2015.08.01"]

1. g3 Nf6 2. Bg2 g6 3. e4 d6 4. d4 Bg7 5. Nc3 O-O 6. h3 e5 7. Nge2 c6 8. a4
Nbd7 9. Be3 Re8 10. Qd2 a6 11. a5 exd4 12. Bxd4 Nc5 13. e5 Nd5 14. exd6 Bxd4
15. Qxd4 Ne6 16. Qd2 Qxd6 17. O-O Nec7 18. Nxd5 Nxd5 19. Nf4 Qb4 20. c3 Qb5 21.
Bxd5 cxd5 22. Nxd5 Re2 23. Qd4 Bxh3 24. Nf6+ Kg7 25. Rfe1 Qxb2 26. Ng4+ Kf8 27.
Rab1 Qd2 28. Qh8+ Ke7 29. Rxb7+ Kd6 30. Qf6+ Re6 31. Rxe6+ fxe6 32. Qe5+ 1-0

[Event "I Festival Master"]
[Site "Lignano Sabbiadoro ITA"]
[Date "2015.08.01"]
[Round "1"]
[White "Luciani, Valerio"]
[Black "Solinas, Carlo"]
[WhiteElo "2249"]
[BlackElo "1987"]
[Result "0-1"]
[PlyCount "80"]
[EventDate "2015.08.01"]

1. d4 Nf6 2. c4 g6 3. Nc3 Bg7 4. Nf3 O-O 5. e4 d6 6. Be2 e5 7. O-O Nc6 8. d5
Ne7 9. Ne1 Ne8 10. Be3 f5 11. f3 f4 12. Bf2 g5 13. b4 Ng6 14. c5 h5 15. a4 Nf6
16. cxd6 cxd6 17. a5 g4 18. Nb5 g3 19. Bxa7 Ne8 20. Bc4 gxh2+ 21. Kh1 h4 22.
Rf2 Qg5 23. Bb6 Rf7 24. Bf1 Bf8 25. Rc2 h3 26. Raa2 Nh4 27. Qc1 Bd7 28. g4 Rg7
29. Qd1 Nf6 30. Rxh2 Nxe4 31. fxe4 Bxg4 32. Qd3 Rc8 33. Rac2 Rxc2 34. Rxc2 Qh5
35. Rf2 Ng2 36. Nf3 Be7 37. Nh2 Bh4 38. Nxd6 Bxf2 39. Bxf2 Ne3 40. Bxe3 Bf3+
0-1

[Event "I Festival Master"]
[Site "Lignano Sabbiadoro ITA"]
[Date "2015.08.01"]
[Round "1"]
[White "Poliakov, Artem"]
[Black "Kazakov, Mikhail"]
[WhiteElo "2054"]
[BlackElo "2491"]
[Result "0-1"]
[PlyCount "100"]
[EventDate "2015.08.01"]

1. d4 Nf6 2. c4 g6 3. Nc3 d5 4. cxd5 Nxd5 5. e4 Nxc3 6. bxc3 Bg7 7. Bc4 c5 8.
Be3 O-O 9. Ne2 Nc6 10. O-O Bg4 11. f3 Bd7 12. dxc5 Ne5 13. Qb3 Qa5 14. a4 Nxc4
15. Qxc4 Be6 16. Qb5 Qxb5 17. axb5 Bc4 18. Rf2 Bxb5 19. Nd4 Bd7 20. Rb2 Bc8 21.
Nb5 a6 22. Bd4 Bd7 23. Nc7 Ra7 24. Nd5 Re8 25. Nc7 Rd8 26. Nd5 e6 27. Nf6+ Kh8
28. c6 Bxc6 29. Bxa7 Bxf6 30. Rc2 Rd3 31. Ra3 Be5 32. Ra5 Rd1+ 33. Kf2 Bxh2 34.
Bd4+ Kg8 35. g3 Bg1+ 36. Ke2 Rb1 37. Bxg1 Rxg1 38. Kf2 Rh1 39. Ke3 f5 40. exf5
gxf5 41. Rf2 Kf7 42. Raa2 Rh3 43. Rg2 Kf6 44. Raf2 e5 45. Rg1 h5 46. Kd2 h4 47.
gxh4 Bxf3 48. Rb1 Bc6 49. Rb4 e4 50. Ke2 Rxh4 0-1

[Event "I Festival Master"]
[Site "Lignano Sabbiadoro ITA"]
[Date "2015.08.01"]
[Round "1"]
[White "Ridolfo, Enrico"]
[Black "Micottis, Dorian"]
[WhiteElo "1985"]
[BlackElo "2228"]
[Result "0-1"]
[PlyCount "78"]
[EventDate "2015.08.01"]

1. e4 c5 2. b4 cxb4 3. a3 e6 4. axb4 Bxb4 5. c3 Be7 6. d4 Nf6 7. Bd3 d6 8. Ne2
Nc6 9. O-O Bd7 10. f4 a6 11. Ng3 e5 12. d5 Na5 13. Nd2 Ng4 14. Qe2 b5 15. h3
Qb6+ 16. Kh1 h5 17. Rb1 Ne3 18. Qf2 exf4 19. Nf5 Bxf5 20. exf5 O-O 21. Re1 Rfe8
22. Be4 Bf6 23. Qxf4 Nxd5 24. Qg3 h4 25. Qf3 Nxc3 26. Rb4 d5 27. Qh5 Nc6 28.
Bb2 dxe4 29. Nxe4 Nxe4 30. Rbxe4 Rxe4 31. Rxe4 Ne7 32. Bxf6 Qxf6 33. Rxh4 Kf8
34. Qf3 Rd8 35. Rh7 Qa1+ 36. Kh2 Qe5+ 37. Kh1 Rc8 38. Qa3 Kg8 39. Rh5 b4 0-1

[Event "I Festival Master"]
[Site "Lignano Sabbiadoro ITA"]
[Date "2015.08.01"]
[Round "1"]
[White "Solomon, Kenny"]
[Black "Simonetto, Andrea"]
[WhiteElo "2380"]
[BlackElo "2009"]
[Result "1-0"]
[PlyCount "33"]
[EventDate "2015.08.01"]

1. d4 d6 2. Nf3 Nd7 3. c4 e5 4. Nc3 Ngf6 5. e4 Be7 6. Be2 O-O 7. O-O c6 8. Qc2
h6 9. Rd1 Qc7 10. h3 Nh7 11. Be3 Re8 12. Qd2 Ndf8 13. d5 Rd8 14. b4 Ng6 15.
Rac1 Nf6 16. c5 Ne8 17. Bc4 1-0

[Event "I Festival Master"]
[Site "Lignano Sabbiadoro ITA"]
[Date "2015.08.02"]
[Round "2"]
[White "Balzan, Alessandro"]
[Black "Pegoraro, Nicola"]
[WhiteElo "2079"]
[BlackElo "1918"]
[Result "1/2-1/2"]
[PlyCount "101"]
[EventDate "2015.08.01"]

1. e4 c5 2. Nf3 d6 3. d4 cxd4 4. Nxd4 Nf6 5. Nc3 a6 6. Be2 e5 7. Nb3 Be7 8. O-O
O-O 9. Be3 Be6 10. Kh1 Re8 11. f4 exf4 12. Bxf4 Nc6 13. Nd4 Nxd4 14. Qxd4 Rc8
15. Rad1 Rc6 16. Qe3 Qa5 17. Qg3 Bc4 18. Bh6 g6 19. Bxc4 Rxc4 20. Qd3 Qc5 21.
Be3 Rxc3 22. Qxc3 Qxc3 23. bxc3 Nxe4 24. Bd4 f5 25. Rfe1 Kf7 26. a4 Rc8 27. Rb1
Rc7 28. Rb3 Bf6 29. Reb1 b5 30. axb5 Bxd4 31. cxd4 axb5 32. Rxb5 Rxc2 33. R5b2
Rc4 34. Rd1 Ke6 35. Kg1 Kd5 36. Rb5+ Ke6 37. d5+ Ke5 38. Rb7 Rd4 39. Rxd4 Kxd4
40. Rxh7 Kxd5 41. h4 Ke5 42. Rh6 Kf6 43. h5 Kg5 44. Rxg6+ Kxh5 45. Rg8 Nf6 46.
Rd8 d5 47. Rd6 Kg5 48. Kf1 f4 49. Ke2 Kf5 50. Kf3 Ke5 51. Rxf6 1/2-1/2

[Event "I Festival Master"]
[Site "Lignano Sabbiadoro ITA"]
[Date "2015.08.02"]
[Round "2"]
[White "Binder, Andrea"]
[Black "Luciani, Valerio"]
[WhiteElo "1901"]
[BlackElo "2249"]
[Result "0-1"]
[PlyCount "106"]
[EventDate "2015.08.01"]

1. e4 c5 2. a3 Nc6 3. b4 cxb4 4. axb4 Nxb4 5. d4 d5 6. c3 Nc6 7. exd5 Qxd5 8.
Na3 Bf5 9. Nc4 Rd8 10. Ne3 Qd7 11. Nxf5 Qxf5 12. Qb3 Qd7 13. Bc4 e6 14. Nf3 a6
15. O-O Nf6 16. Bg5 Be7 17. Ne5 Nxe5 18. dxe5 Nd5 19. Bxe7 Qxe7 20. Rfb1 Rd7
21. g3 O-O 22. Bd3 Rfd8 23. Be4 Qg5 24. c4 Qxe5 25. Re1 Qc3 26. Qxc3 Nxc3 27.
Bf3 Rc8 28. Ra3 Rxc4 29. Rb3 b5 30. Ra3 Na4 31. Rb1 g6 32. Kg2 Rc2 33. Bd1 Rc3
34. Ra2 Nc5 35. Be2 Rd4 36. h4 e5 37. h5 Kg7 38. Rh1 g5 39. h6+ Kf6 40. Rb1 g4
41. Rh1 Kg5 42. Rb2 Nd3 43. Rbb1 f5 44. Ra1 Nc5 45. Rae1 Ne4 46. Ra1 Rd2 47.
Rae1 Rcc2 48. Kf1 f4 49. gxf4+ exf4 50. Rh2 f3 51. Bd1 Rxf2+ 52. Rxf2 Rxf2+ 53.
Kg1 Rg2+ 0-1

[Event "I Festival Master"]
[Site "Lignano Sabbiadoro ITA"]
[Date "2015.08.02"]
[Round "2"]
[White "Boscolo, Marco"]
[Black "Lazic, Miroljub"]
[WhiteElo "2095"]
[BlackElo "2466"]
[Result "0-1"]
[PlyCount "40"]
[EventDate "2015.08.01"]

1. d4 d6 2. e4 Nf6 3. Nc3 e5 4. Nf3 Nbd7 5. g3 c6 6. Bg2 b5 7. O-O Be7 8. Re1
O-O 9. a3 Re8 10. b3 Bf8 11. Bb2 Bb7 12. Qd2 Qb6 13. Rad1 a6 14. h3 Rad8 15.
Kh2 g6 16. d5 cxd5 17. Nxd5 Nxd5 18. exd5 Rc8 19. Rc1 Bg7 20. Ba1 Qc5 0-1

[Event "I Festival Master"]
[Site "Lignano Sabbiadoro ITA"]
[Date "2015.08.02"]
[Round "2"]
[White "Drasko, Milan"]
[Black "Caputi, Nicola"]
[WhiteElo "2439"]
[BlackElo "1983"]
[Result "1-0"]
[PlyCount "42"]
[EventDate "2015.08.01"]

1. Nf3 c5 2. g3 g6 3. c4 Bg7 4. Bg2 Nc6 5. O-O d6 6. Nc3 e5 7. d3 Nge7 8. a3
O-O 9. Rb1 a5 10. Bd2 h6 11. Ne1 Be6 12. Nd5 Rb8 13. Nc2 f5 14. b4 axb4 15.
axb4 b6 16. f4 Qd7 17. Nce3 Bf7 18. Qa4 Qc8 19. b5 Nxd5 20. Nxd5 Ra8 21. Qd1
Qd7 1-0

[Event "I Festival Master"]
[Site "Lignano Sabbiadoro ITA"]
[Date "2015.08.02"]
[Round "2"]
[White "Franceschi, Riccardo"]
[Black "Solomon, Kenny"]
[WhiteElo "2054"]
[BlackElo "2380"]
[Result "0-1"]
[PlyCount "112"]
[EventDate "2015.08.01"]

1. e4 d6 2. d4 Nf6 3. Nc3 g6 4. Bg5 Bg7 5. Nf3 h6 6. Bf4 c6 7. Qd2 b5 8. Bd3
Bg4 9. Ng1 Nh5 10. Be3 e5 11. dxe5 dxe5 12. Nge2 Nd7 13. O-O Qe7 14. f3 Be6 15.
a4 b4 16. Nd1 a5 17. Nf2 Rd8 18. Rad1 Nc5 19. Qc1 Nf4 20. Nxf4 exf4 21. Bxf4
Nxa4 22. e5 g5 23. Bg3 h5 24. h3 h4 25. Bh2 Nc5 26. Be4 Bd5 27. Bxd5 cxd5 28.
Rfe1 Rh6 29. Ng4 Re6 30. Ne3 Bxe5 31. Bxe5 Rxe5 32. Nf5 Rxf5 33. Rxe7+ Kxe7 34.
Qe3+ Kd6 35. c3 Re5 36. Qd4 Ne6 37. Qb6+ Ke7 38. Qxa5 bxc3 39. Qb4+ Kf6 40.
bxc3 Rc8 41. Rd2 Rc4 42. Qa3 Kg7 43. Qb3 Rc5 44. Qb4 Re3 45. Qb2 Kg6 46. Qc2+
Kg7 47. Rd3 Re1+ 48. Kf2 Ra1 49. Qb2 Rca5 50. c4+ d4 51. Rd2 Rh1 52. c5 Raa1
53. Rxd4 Rhf1+ 54. Ke2 Rae1+ 55. Kd3 Rd1+ 56. Ke2 Nxd4+ 0-1

[Event "I Festival Master"]
[Site "Lignano Sabbiadoro ITA"]
[Date "2015.08.02"]
[Round "2"]
[White "Kazakov, Mikhail"]
[Black "Von Wantoch, Markus"]
[WhiteElo "2491"]
[BlackElo "1997"]
[Result "1-0"]
[PlyCount "53"]
[EventDate "2015.08.01"]

1. d4 Nf6 2. c4 e6 3. a3 d5 4. Nc3 Be7 5. Nf3 O-O 6. Bg5 c5 7. e3 cxd4 8. exd4
Nc6 9. Bd3 dxc4 10. Bxc4 Nd5 11. Be3 a6 12. O-O b5 13. Ba2 Nxc3 14. bxc3 Bxa3
15. d5 Ne7 16. dxe6 fxe6 17. Nd4 Bb2 18. Nxe6 Bxe6 19. Bxe6+ Kh8 20. Ra2 Bxc3
21. Qb3 b4 22. Bc5 Rf6 23. Re2 Nc6 24. Rd1 Nd4 25. Bxd4 Bxd4 26. Bd5 Bc5 27.
Be6 1-0

[Event "I Festival Master"]
[Site "Lignano Sabbiadoro ITA"]
[Date "2015.08.02"]
[Round "2"]
[White "Lodici, Lorenzo"]
[Black "Zamar Kodelja, Jurij"]
[WhiteElo "2348"]
[BlackElo "1973"]
[Result "1-0"]
[PlyCount "75"]
[EventDate "2015.08.01"]

1. d4 Nf6 2. Bg5 Ne4 3. Bf4 c5 4. f3 Nf6 5. dxc5 Qa5+ 6. Nc3 Qxc5 7. Qd2 g6 8.
e4 Bg7 9. O-O-O O-O 10. Kb1 d6 11. g4 Be6 12. h4 Rc8 13. Nge2 Nc6 14. Be3 Qa5
15. Nd4 Nxd4 16. Bxd4 b5 17. Bxf6 exf6 18. Nd5 Qxd2 19. Rxd2 Rc5 20. b4 Rxd5
21. exd5 Bd7 22. Bd3 Bh6 23. Re2 Bf4 24. Re7 Rd8 25. h5 Be5 26. hxg6 hxg6 27.
Bxg6 fxg6 28. Rhh7 Be8 29. Rxa7 Rc8 30. a4 bxa4 31. Rag7+ Kf8 32. Rc7 Rxc7 33.
Rxc7 Bd4 34. Ka2 f5 35. c4 f4 36. g5 Bf7 37. Rb7 Ke8 38. Ka3 1-0

[Event "I Festival Master"]
[Site "Lignano Sabbiadoro ITA"]
[Date "2015.08.02"]
[Round "2"]
[White "Micottis, Dorian"]
[Black "Lattuada, Davide"]
[WhiteElo "2228"]
[BlackElo "1948"]
[Result "1-0"]
[PlyCount "102"]
[EventDate "2015.08.01"]

1. e4 c5 2. Nf3 d6 3. d4 cxd4 4. Nxd4 Nf6 5. Nc3 g6 6. Be3 Bg7 7. f3 O-O 8. Qd2
Nc6 9. Bc4 Bd7 10. O-O-O Rc8 11. Bb3 Re8 12. Kb1 Ne5 13. g4 a6 14. h4 h5 15.
gxh5 Nxh5 16. Rdg1 Nc4 17. Bxc4 Rxc4 18. Nde2 Qa5 19. Rg5 b5 20. Rhg1 Kh7 21.
Qd5 Be6 22. Rxh5+ Kg8 23. Qd2 Rec8 24. Bd4 Rxc3 25. Nxc3 Rxc3 26. a3 Rxa3 27.
Qxa5 Rxa5 28. Bxg7 Kxg7 29. Rhg5 Ra4 30. b3 Rd4 31. h5 Bd7 32. hxg6 Be6 33.
R5g2 f6 34. c3 Rd3 35. Kc2 Rxf3 36. Rh1 Bg8 37. Ra1 Re3 38. Rg4 Be6 39. Kd2 Rh3
40. Rg2 Bc8 41. Re1 Bb7 42. Rg4 Bc8 43. Rgg1 Bb7 44. Re2 Rh4 45. Kd3 Bc8 46. c4
Bb7 47. Rc1 Rh3+ 48. Re3 Bxe4+ 49. Kxe4 f5+ 50. Kd3 bxc4+ 51. Rxc4 f4 1-0

[Event "I Festival Master"]
[Site "Lignano Sabbiadoro ITA"]
[Date "2015.08.02"]
[Round "2"]
[White "Muller, Etienne"]
[Black "Lupo, Francesco"]
[WhiteElo "2167"]
[BlackElo "1919"]
[Result "1-0"]
[PlyCount "68"]
[EventDate "2015.08.01"]

1. Nf3 Nf6 2. g3 g6 3. Bg2 Bg7 4. O-O O-O 5. Nc3 d5 6. d3 c6 7. Rb1 Re8 8. b4
e5 9. Nd2 Be6 10. Na4 Nbd7 11. Nb3 b6 12. Bb2 Qc7 13. Qd2 Rad8 14. Rfc1 Nh5 15.
Ba1 f5 16. Nb2 Qd6 17. c4 Ndf6 18. c5 Qf8 19. cxb6 Bh6 20. e3 axb6 21. Rxc6 d4
22. Nd1 dxe3 23. fxe3 f4 24. Rxb6 fxe3 25. Qe2 Bg4 26. Bf3 Nd5 27. Bxg4 Nxb6
28. Nc5 Qd6 29. Nxe3 Nf6 30. Bf3 Nbd5 31. Nc4 Qb8 32. Bxe5 Nc3 33. Qc2 Rxe5 34.
Nxe5 Qxe5 1-0

[Event "I Festival Master"]
[Site "Lignano Sabbiadoro ITA"]
[Date "2015.08.02"]
[Round "2"]
[White "Simonetto, Adriano"]
[Black "Berezin, Nikolai"]
[WhiteElo "2065"]
[BlackElo "1932"]
[Result "1-0"]
[PlyCount "67"]
[EventDate "2015.08.01"]

1. d4 Nf6 2. c4 g6 3. Nc3 Bg7 4. g3 O-O 5. Bg2 d6 6. Nf3 c6 7. O-O Nbd7 8. h3
Qc7 9. e4 e5 10. Be3 exd4 11. Nxd4 Re8 12. Qc2 Nf8 13. Rae1 Ne6 14. f4 Nh5 15.
Nde2 f5 16. exf5 gxf5 17. Kh2 Nf6 18. Nd4 Nxd4 19. Bxd4 Bd7 20. Qd3 Rad8 21.
Rxe8+ Rxe8 22. Rd1 Be6 23. b3 Qf7 24. Bxa7 b5 25. cxb5 Qxa7 26. bxc6 Bc8 27.
Nb5 Qxa2 28. Rd2 Qa6 29. Nxd6 Qxd3 30. Rxd3 Rd8 31. c7 Rxd6 32. Rxd6 Nd7 33.
Bc6 Nb6 34. Bb5 1-0

[Event "I Festival Master"]
[Site "Lignano Sabbiadoro ITA"]
[Date "2015.08.02"]
[Round "3"]
[White "Caputi, Nicola"]
[Black "Somborski, Nebojsa"]
[WhiteElo "1983"]
[BlackElo "2326"]
[Result "0-1"]
[PlyCount "94"]
[EventDate "2015.08.01"]

1. c4 e6 2. g3 Nf6 3. Bg2 d5 4. Nf3 Be7 5. O-O O-O 6. b3 c5 7. Bb2 Nc6 8. e3 d4
9. exd4 cxd4 10. Re1 Ne8 11. d3 Nc7 12. a3 a5 13. Nbd2 f6 14. Qc2 e5 15. Re2
Bg4 16. h3 Bh5 17. Ree1 Qd7 18. Rac1 Rac8 19. Qb1 Bf7 20. Kh2 Rfe8 21. Ne4 h6
22. Rcd1 f5 23. Ned2 Bf6 24. Bc1 b5 25. Qc2 b4 26. a4 Na6 27. Ng1 Nc5 28. h4
Bh5 29. Bd5+ Kh8 30. Bf3 Bxf3 31. Ngxf3 e4 32. dxe4 d3 33. Qb1 fxe4 34. Ng1 Ne5
35. Nf1 Ng4+ 36. Kg2 Bc3 37. Bd2 Rf8 38. f3 exf3+ 39. Nxf3 Qc6 40. Bf4 Bxe1 41.
Rxe1 Rce8 42. N1d2 Rxe1 43. Qxe1 Qe6 44. Qxe6 Nxe6 45. Bd6 Rd8 46. Ne4 Nf6 47.
Nfd2 Nxe4 0-1

[Event "I Festival Master"]
[Site "Lignano Sabbiadoro ITA"]
[Date "2015.08.02"]
[Round "3"]
[White "Lattuada, Davide"]
[Black "Balzan, Alessandro"]
[WhiteElo "1948"]
[BlackElo "2079"]
[Result "1-0"]
[PlyCount "57"]
[EventDate "2015.08.01"]

1. e4 c5 2. Nf3 d6 3. d4 cxd4 4. Nxd4 Nf6 5. Nc3 e6 6. Be2 a6 7. O-O Be7 8. Bg5
O-O 9. Qd2 Nc6 10. a4 Qc7 11. Kh1 Rd8 12. f4 h6 13. Bxf6 Bxf6 14. Nb3 Ne7 15.
Rad1 Bxc3 16. bxc3 b6 17. Bf3 Bb7 18. f5 exf5 19. exf5 Bxf3 20. Rxf3 Nc6 21. f6
d5 22. Rg3 g5 23. Rxg5+ hxg5 24. Qxg5+ Kf8 25. Re1 Ne5 26. Rxe5 Qxe5 27. Qxe5
Rac8 28. Nd4 Rd7 29. Qg3 1-0

[Event "I Festival Master"]
[Site "Lignano Sabbiadoro ITA"]
[Date "2015.08.02"]
[Round "3"]
[White "Lazic, Miroljub"]
[Black "Lodici, Lorenzo"]
[WhiteElo "2466"]
[BlackElo "2348"]
[Result "1/2-1/2"]
[PlyCount "129"]
[EventDate "2015.08.01"]

1. g3 e5 2. c4 Nc6 3. Bg2 f5 4. Nc3 Nf6 5. e3 d5 6. Nxd5 Nxd5 7. cxd5 Nb4 8. d3
Nxd5 9. Nf3 Bd6 10. O-O Nf6 11. Bd2 O-O 12. Bc3 Qe7 13. e4 fxe4 14. dxe4 c6 15.
Qc2 Bg4 16. Nh4 Rad8 17. h3 Bc8 18. Rad1 Kh8 19. Nf3 Ng8 20. Rd3 Nh6 21. Rfd1
Nf7 22. Kh2 Bc7 23. Nh4 Bb6 24. Nf3 Bc7 25. b3 Rxd3 26. Rxd3 Ng5 27. Nh4 Qc5
28. Rd2 Ba5 29. Bxa5 Qxa5 30. Qd3 Ne6 31. Qe3 Nd4 32. f4 c5 33. fxe5 Qc7 34.
Nf5 Bxf5 35. exf5 Rxf5 36. Qe4 Rxe5 37. Qxb7 Qxb7 38. Bxb7 a5 39. Kg2 g6 40.
Ba6 Kg7 41. Rf2 Re7 42. Bc4 Nf5 43. Bd3 Nd4 44. Rd2 Kf6 45. Rf2+ Kg7 46. Rf1
Re3 47. Rd1 Re7 48. Rc1 Re5 49. Kf2 Nc6 50. Bf1 Nb4 51. a3 Nc6 52. Rc4 Rf5+ 53.
Kg2 Rd5 54. Kf2 Rf5+ 55. Ke1 Nd4 56. Rc3 Kf6 57. Bc4 Ke5 58. Re3+ Kd6 59. Kd2
Rf2+ 60. Kc3 Rc2+ 61. Kd3 Ra2 62. a4 Rg2 63. Ke4 Rf2 64. Kd3 g5 65. g4 1/2-1/2

[Event "I Festival Master"]
[Site "Lignano Sabbiadoro ITA"]
[Date "2015.08.02"]
[Round "3"]
[White "Luciani, Valerio"]
[Black "Simonetto, Adriano"]
[WhiteElo "2249"]
[BlackElo "2065"]
[Result "1-0"]
[PlyCount "80"]
[EventDate "2015.08.01"]

1. d4 d5 2. c4 e6 3. Nc3 c6 4. e4 dxe4 5. Nxe4 Nf6 6. Nc3 Bd6 7. Nf3 Nbd7 8.
Bg5 O-O 9. Be2 e5 10. O-O exd4 11. Qxd4 Nc5 12. Rad1 Be7 13. Bxf6 gxf6 14. Qe3
Qc7 15. b4 Ne6 16. g3 Ng7 17. Bd3 Bf5 18. Ne4 Rfe8 19. Qh6 Bg6 20. Qc1 Bxe4 21.
Bxe4 f5 22. Bc2 Bxb4 23. Qb1 Qe7 24. Bxf5 Nxf5 25. Qxf5 Qe6 26. Qb1 a5 27. Rd4
Qg6 28. Qb2 Rad8 29. Ne5 Qf5 30. Nxf7 Kxf7 31. Rf4 Qxf4 32. gxf4 Rd2 33. Qb1
Rg8+ 34. Kh1 Rg6 35. a3 Bxa3 36. Qxb7+ Kg8 37. Qa8+ Bf8 38. Qxa5 Rd4 39. f5 Rf6
40. Rg1+ Kf7 1-0

[Event "I Festival Master"]
[Site "Lignano Sabbiadoro ITA"]
[Date "2015.08.02"]
[Round "3"]
[White "Lupo, Francesco"]
[Black "Franceschi, Riccardo"]
[WhiteElo "1919"]
[BlackElo "2054"]
[Result "1/2-1/2"]
[PlyCount "38"]
[EventDate "2015.08.01"]

1. e4 d5 2. exd5 Qxd5 3. Nc3 Qa5 4. d3 c6 5. Nf3 Nf6 6. Be2 Bg4 7. O-O e6 8.
Bd2 Nbd7 9. a3 Qc7 10. Nd4 Bxe2 11. Qxe2 O-O-O 12. Be3 Bc5 13. Nf3 Bxe3 14.
Qxe3 Kb8 15. Rfe1 h6 16. Ne5 Nxe5 17. Qxe5 Rd7 18. Qxc7+ Kxc7 19. f3 Rhd8
1/2-1/2

[Event "I Festival Master"]
[Site "Lignano Sabbiadoro ITA"]
[Date "2015.08.02"]
[Round "3"]
[White "Muller, Etienne"]
[Black "Micottis, Dorian"]
[WhiteElo "2167"]
[BlackElo "2228"]
[Result "1/2-1/2"]
[PlyCount "42"]
[EventDate "2015.08.01"]

1. Nf3 Nf6 2. c4 g6 3. b3 Bg7 4. Bb2 O-O 5. g3 d5 6. cxd5 Nxd5 7. Bxg7 Kxg7 8.
Bg2 Nc6 9. O-O e5 10. Nc3 Nxc3 11. dxc3 Be6 12. Qxd8 Rfxd8 13. Rfd1 f6 14. Kf1
Kf7 15. Ke1 Ke7 16. Rxd8 Rxd8 17. Rd1 Rxd1+ 18. Kxd1 a5 19. Nd2 a4 20. Bxc6
bxc6 21. bxa4 c5 1/2-1/2

[Event "I Festival Master"]
[Site "Lignano Sabbiadoro ITA"]
[Date "2015.08.02"]
[Round "3"]
[White "Pegoraro, Nicola"]
[Black "Bergamasco, Tommaso"]
[WhiteElo "1918"]
[BlackElo "2042"]
[Result "1/2-1/2"]
[PlyCount "67"]
[EventDate "2015.08.01"]

1. e4 e6 2. d4 d5 3. e5 b6 4. c3 Qd7 5. Bd3 Ba6 6. Ne2 Ne7 7. Ng3 c5 8. O-O
Bxd3 9. Qxd3 Nbc6 10. f4 g6 11. Na3 h5 12. Nc2 cxd4 13. cxd4 h4 14. Ne2 Nf5 15.
Bd2 Be7 16. g4 hxg3 17. hxg3 Kf8 18. Kg2 Kg7 19. Rh1 Qb7 20. Rxh8 Rxh8 21. Rh1
Rxh1 22. Kxh1 Qc8 23. Kg2 a6 24. a3 Qb7 25. Be1 b5 26. g4 Nh6 27. Qf3 b4 28.
axb4 Nxb4 29. Qb3 a5 30. Bxb4 Bxb4 31. Ne3 Qb5 32. Kf3 Qc6 33. Qd3 Qa4 34. Qd1
1/2-1/2

[Event "I Festival Master"]
[Site "Lignano Sabbiadoro ITA"]
[Date "2015.08.02"]
[Round "3"]
[White "Solinas, Carlo"]
[Black "Kazakov, Mikhail"]
[WhiteElo "1987"]
[BlackElo "2491"]
[Result "0-1"]
[PlyCount "66"]
[EventDate "2015.08.01"]

1. e4 g6 2. d4 Bg7 3. Nc3 d6 4. Bg5 Nc6 5. Nge2 h6 6. Bh4 Nf6 7. f3 O-O 8. Bf2
e5 9. dxe5 Nxe5 10. Nf4 c6 11. Be2 g5 12. Nh3 Bxh3 13. gxh3 Nh5 14. Qd2 Nf4 15.
O-O-O Qa5 16. a3 b5 17. Na2 Qxd2+ 18. Kxd2 Rfd8 19. Be3 Nxh3 20. Kc1 a5 21. Rd2
Ng6 22. Rhd1 Nhf4 23. Bf1 d5 24. exd5 Rxd5 25. Bd4 Bxd4 26. Rxd4 Rxd4 27. Rxd4
Nh4 28. Rd6 Re8 29. Bd3 Re1+ 30. Kd2 Nxf3+ 31. Kc3 Nd5+ 32. Rxd5 cxd5 33. Bxb5
Nxh2 0-1

[Event "I Festival Master"]
[Site "Lignano Sabbiadoro ITA"]
[Date "2015.08.02"]
[Round "3"]
[White "Solomon, Kenny"]
[Black "Drasko, Milan"]
[WhiteElo "2380"]
[BlackElo "2439"]
[Result "0-1"]
[PlyCount "59"]
[EventDate "2015.08.01"]

1. d4 e6 2. c4 Nf6 3. Nc3 Bb4 4. e3 O-O 5. Nge2 d5 6. a3 Be7 7. cxd5 exd5 8. g3
a5 9. Bg2 c6 10. O-O Na6 11. Qc2 Re8 12. Bd2 h6 13. Rad1 Nc7 14. h3 Ne6 15. f4
b5 16. f5 Ng5 17. h4 Ngh7 18. Nf4 Bd6 19. Nce2 Bd7 20. Nd3 Ng4 21. Rf3 Nhf6 22.
Bh3 Re7 23. Ndf4 Qb6 24. Nd3 Rae8 25. Qc1 b4 26. Nc5 Bc8 27. a4 Bxc5 28. dxc5
Qc7 29. Kg2 Ne5 30. Nd4 0-1